| 000 | 00715nam a22002297a 4500 | ||
|---|---|---|---|
| 005 | 20170124110008.0 | ||
| 010 | _a624117 | ||
| 020 | _c00.00 | ||
| 035 | _a624117 | ||
| 037 | _bCen Lib/Ret | ||
| 040 |
_aDPL _bEN |
||
| 082 |
_a230.65 _bBUR |
||
| 100 |
_aBurnell, Arthur Coke _9101940 |
||
| 245 |
_aThe Ordinances of Manu / _cby Arthur Coke Burnell; edited by Edward W. Hopkins |
||
| 260 |
_aDelhi _bOriental Books Reprint Corporation _c1971 |
||
| 270 |
_a54. Rani Janshi Raod _bNew Delhi _e110055 |
||
| 300 |
_axlvii,399p. _c21cm(Hb) |
||
| 500 | _aIncludes index | ||
| 650 |
_aRELIGION -- Comparative Religion. _9101941 |
||
| 650 |
_aHindu law _911016 |
||
| 942 |
_2ddc _cEN _h230.65 _mBUR |
||
| 999 |
_c126347 _d126347 |
||